Countries and Territories on the Travelers Century Club List - Statistics

General Stats
  • This quiz has been taken 544 times
    29 since last reset
  • The average score is 205 of 330
Answer Stats
Answer % Correct
Pacific Ocean Australia
100%
Europe and Mediterranean France
93%
Pacific Ocean Nauru
93%
Pacific Ocean New Zealand
93%
Antarctica New Zeland (Ross Dependency)
93%
Europe and Mediterranean Northern Ireland
93%
Asia Papua
93%
Pacific Ocean Samoa
93%
Asia Taiwan
93%
Pacific Ocean Tuvalu
93%
South America Argentina
87%
South America Brazil
87%
North America Canada
87%
Africa Central African Republic
87%
Caribbean Cuba
87%
Europe and Mediterranean Denmark
87%
Africa Egypt (In Africa)
87%
Middle East Egypt (In Asia)
87%
Pacific Ocean Fiji Islands
87%
Central America Guatemala
87%
Pacific Ocean Hawaiian Islands
87%
Europe and Mediterranean Hungary
87%
Europe and Mediterranean Ireland
87%
Europe and Mediterranean Italy
87%
Asia Japan
87%
Pacific Ocean Kiribati
87%
Africa Libya
87%
Indian Ocean Madagascar
87%
Indian Ocean Maldives
87%
Pacific Ocean Marshall Islands
87%
Asia Pakistan
87%
Pacific Ocean Palau
87%
Europe and Mediterranean Slovakia
87%
Europe and Mediterranean Slovenia
87%
Pacific Ocean Solomon Islands
87%
Asia Turkey (In Asia)
87%
Europe and Mediterranean Turkey (In Europe)
87%
Europe and Mediterranean Ukraine
87%
North America United States of America
87%
Pacific Ocean Vanuatu
87%
Asia Vietnam
87%
Europe and Mediterranean Albania
80%
Africa Algeria
80%
Pacific Ocean American Samoa
80%
Europe and Mediterranean Andorra
80%
Europe and Mediterranean Belarus
80%
Asia Brunei
80%
Asia Cambodia
80%
Indian Ocean Christmas Island
80%
Indian Ocean Comoros
80%
Europe and Mediterranean Croatia
80%
Europe and Mediterranean England
80%
Pacific Ocean Fed. States of Micronesia
80%
Central America Honduras
80%
Asia India
80%
Asia Indonesia
80%
Middle East Iran
80%
Middle East Iraq
80%
Middle East Israel
80%
Europe and Mediterranean Jersey
80%
Middle East Jordan
80%
Europe and Mediterranean Kosovo
80%
Asia Laos
80%
Middle East Lebanon
80%
Europe and Mediterranean Malta
80%
North America Mexico
80%
Europe and Mediterranean Moldova
80%
Europe and Mediterranean Montenegro
80%
Africa Morocco
80%
Africa Morocco, Spanish
80%
Asia Nepal
80%
Europe and Mediterranean Norway
80%
Central America Panama
80%
South America Paraguay
80%
Europe and Mediterranean Portugal
80%
Europe and Mediterranean Russia
80%
Asia Russia (In Asia)
80%
Africa Sao Tome & Principe
80%
Europe and Mediterranean Scotland
80%
Indian Ocean Seychelles
80%
Europe and Mediterranean Spain
80%
Caribbean St Kitts
80%
Caribbean St Lucia
80%
Caribbean St Vincent & the Grenadines
80%
Europe and Mediterranean Sweden
80%
Asia Thailand
80%
Pacific Ocean Tonga
80%
Caribbean Trinidad and Tobago
80%
Africa Tunisia
80%
South America Uruguay
80%
Asia Uzbekistan
80%
Europe and Mediterranean Vatican City
80%
Europe and Mediterranean Wales
80%
Caribbean Antigua & Barbuda
73%
Asia Azerbaijan
73%
Caribbean Bahamas
73%
Middle East Bahrain
73%
Caribbean Barbados
73%
Europe and Mediterranean Belgium
73%
Central America Belize
73%
Asia Bhutan
73%
South America Bolivia
73%
Europe and Mediterranean Bosnia & Herzegovina
73%
Africa Botswana
73%
Europe and Mediterranean Bulgaria
73%
Atlantic Ocean Cape Verde Islands
73%
South America Chile
73%
Asia China
73%
Central America Costa Rica
73%
Africa Djibouti
73%
Caribbean Dominica
73%
Africa Eritrea
73%
Africa Ethiopia
73%
Europe and Mediterranean Finland
73%
Europe and Mediterranean Germany
73%
Europe and Mediterranean Greece
73%
Atlantic Ocean Greenland
73%
Pacific Ocean Guam
73%
Europe and Mediterranean Guernsey & Deps
73%
South America Guyana
73%
Caribbean Haiti
73%
Caribbean Jamaica
73%
Asia Kazakhstan
73%
Africa Kenya
73%
Middle East Kuwait
73%
Asia Kyrgyzstan
73%
Europe and Mediterranean Latvia
73%
Europe and Mediterranean Lithuania
73%
Africa Malawi
73%
Africa Mali
73%
Asia Mongolia
73%
Asia Myanmar
73%
Africa Namibia
73%
Europe and Mediterranean Netherlands
73%
Pacific Ocean New Caledonia & Deps
73%
Central America Nicaragua
73%
Africa Niger
73%
Africa Nigeria
73%
Pacific Ocean Niue
73%
Middle East Oman
73%
South America Peru
73%
Europe and Mediterranean Poland
73%
Middle East Qatar
73%
Europe and Mediterranean Romania
73%
Europe and Mediterranean San Marino
73%
Middle East Saudi Arabia
73%
Africa Senegal
73%
Europe and Mediterranean Serbia
73%
Asia Singapore
73%
Africa Somalia
73%
Africa South Africa
73%
Asia South Korea
73%
South America Suriname
73%
Europe and Mediterranean Switzerland
73%
Asia Tajikistan
73%
Asia Turkmenistan
73%
South America Venezuela
73%
Middle East Yemen
73%
Asia Afghanistan
67%
North America Alaska
67%
Africa Angola
67%
Asia Armenia
67%
Caribbean Aruba
67%
Europe and Mediterranean Austria
67%
Atlantic Ocean Bermuda
67%
Africa Burkina Faso
67%
South America Colombia
67%
Africa Congo, Republic of
67%
Pacific Ocean Cook Islands
67%
Europe and Mediterranean Corsica
67%
Europe and Mediterranean Cyprus
67%
Europe and Mediterranean Cyprus, British Areas of Akrotiri & Dhekelia
67%
Europe and Mediterranean Cyprus, Turkish Fed. State
67%
Africa Democratic Republic of Congo
67%
Pacific Ocean Easter Island
67%
South America Ecuador
67%
Central America El Salvador
67%
Africa Equatorial Guinea (Bioko Fernando Poo)
67%
Africa Equatorial Guinea (Rio Muni)
67%
Europe and Mediterranean Estonia
67%
Atlantic Ocean Falkland Islands
67%
Atlantic Ocean Faroe Islands
67%
Pacific Ocean French Polynesia
67%
Africa Gabon
67%
Asia Georgia
67%
Caribbean Grenada & Deps
67%
Africa Guinea
67%
Africa Guinea Bissau
67%
Europe and Mediterranean Isle of Man
67%
Africa Lesotho
67%
Africa Liberia
67%
Europe and Mediterranean Luxembourg
67%
Asia Malaysia
67%
Europe and Mediterranean Monaco
67%
Africa Mozambique
67%
Asia North Korea
67%
Pacific Ocean Papua New Guinea
67%
Asia Philippines
67%
Caribbean Puerto Rico
67%
Indian Ocean Reunion
67%
Africa Rwanda
67%
Europe and Mediterranean Sicily
67%
Africa South Sudan
67%
Asia Sri Lanka
67%
Africa Sudan
67%
Middle East Syria
67%
Africa Tanzania
67%
Pacific Ocean Tasmania
67%
Asia Timor Leste
67%
Africa Togo
67%
Africa Uganda
67%
Africa Zambia
67%
Africa Zimbabwe
67%
Caribbean Anguilla
60%
Asia Bangladesh
60%
Africa Benin
60%
Caribbean British Virgin Islands
60%
Africa Burundi
60%
Caribbean Cayman Islands
60%
Africa Chad
60%
Caribbean Curacao
60%
Europe and Mediterranean Czech Republic
60%
Caribbean Dominican Republic
60%
Africa Ghana
60%
Europe and Mediterranean Gibraltar
60%
Asia Hong Kong
60%
Atlantic Ocean Iceland
60%
Asia Macau
60%
Europe and Mediterranean Macedonia
60%
Africa Mauritania
60%
Indian Ocean Mauritius & Deps
60%
Middle East Palestine
60%
Europe and Mediterranean Sardinia
60%
Africa Sierra Leone
60%
Africa Swaziland
60%
Caribbean US Virgin Islands
60%
Caribbean Bonaire
53%
Indian Ocean British Indian Ocean Territory
53%
Africa Cameroon
53%
Atlantic Ocean Canary Islands
53%
Indian Ocean Cocos Islands
53%
Middle East Dubai
53%
Africa Gambia
53%
Africa Ivory Coast
53%
Europe and Mediterranean Liechtenstein
53%
Caribbean Martinique
53%
Indian Ocean Mayotte
53%
Pacific Ocean Norfolk Island
53%
Caribbean Saint Martin
53%
Caribbean Sint Maarten
53%
Atlantic Ocean St Helena
53%
Asia Tibet
53%
Atlantic Ocean Azores Islands
47%
South America French Guiana
47%
Pacific Ocean Galapagos Islands
47%
Caribbean Guadeloupe & Deps
47%
Pacific Ocean Northern Marianas
47%
Caribbean Saba & Sint Eustatius
47%
Indian Ocean Socotra
47%
Atlantic Ocean South Georgia & South Sandwich Islands
47%
North America St Pierre & Miquelon
47%
Asia Sumatra
47%
Caribbean Turks & Caicos Islands
47%
Pacific Ocean Wallis & Futuna Islands
47%
Africa Zanzibar
47%
Middle East Abu Dhabi
40%
Europe and Mediterranean Aland Islands
40%
Europe and Mediterranean Balearic Islands
40%
Europe and Mediterranean Crete
40%
Atlantic Ocean Madeira
40%
Pacific Ocean Pitcairn Island
40%
Africa Western Sahara
40%
Atlantic Ocean Ascension
33%
Antarctica British Antarctic Territory
33%
Antarctica French Southern & Antarctic Lands
33%
Caribbean Saint Barthelemy
33%
Middle East Sharjah
33%
Africa Somaliland
33%
Pacific Ocean Tokelau Islands
33%
Atlantic Ocean Tristan da Cunha
33%
Africa Cabinda
27%
Pacific Ocean Chatham Islands
27%
Antarctica Chilean (Antarctic Peninsula)
27%
Europe and Mediterranean Greek Aegean Islands
27%
Asia Hainan Island
27%
Europe and Mediterranean Ionian Islands
27%
Asia Jeju Island
27%
Asia Kashmir
27%
Caribbean Montserrat
27%
Antarctica Norwegian (Queen Maud Land, Bouvet)
27%
Asia Sulawesi
27%
Asia Abkhazia
20%
Middle East Ajman
20%
Antarctica Argentine (Antarctic Peninsula)
20%
Antarctica Australian Antarctic Territory South Pole
20%
Middle East Fujairah
20%
Europe and Mediterranean Kaliningrad
20%
Europe and Mediterranean Lampedusa
20%
Pacific Ocean Lord Howe Island
20%
Asia Sabah
20%
Asia Sarawak
20%
Asia Sikkim
20%
Asia South Ossetia
20%
Indian Ocean Andaman Nicobar Islands
13%
Pacific Ocean Bismarck Archipelago
13%
Pacific Ocean Juan Fernandez Islands
13%
Asia Kalimantan
13%
Indian Ocean Lakshadweep
13%
Pacific Ocean Line/Phoenix Islands
13%
Asia Maluku
13%
Pacific Ocean Midway Island
13%
Caribbean Nevis
13%
South America Nueva Esparta
13%
Pacific Ocean Ogasawara
13%
North America Prince Edward Island
13%
Middle East Ras Al Khaimah
13%
Indian Ocean Rodrigues Island
13%
Pacific Ocean Ryukyu Islands
13%
Europe and Mediterranean Spitsbergen
13%
Europe and Mediterranean Srpska
13%
Europe and Mediterranean Trans Dniester
13%
Middle East Umm Al Qaiwain
13%
Pacific Ocean Wake Island
13%
Indian Ocean Zil Elwannyen Sesel
13%
Pacific Ocean Austral Islands
7%
Atlantic Ocean Fernando de Noronha
7%
Asia Lesser Sunda Islands
7%
Pacific Ocean Marquesas Islands
7%
Asia Nakhchivan
7%
Caribbean San Andres & Providencia
7%
No matching quizzes found
Score Distribution
Percent of People with Each Score
Percentile by Number Answered
Your Score History
You have not taken this quiz since the last reset